The general history of England, both ecclesiastical and civil: from the earliest accounts of time, to the reign of his present Majesty King William III. Taken from the most antient records, manuscripts, and historians. With memorials of the most eminent persons in church and state. As also the foundations of the noted monasteries, and both universities

Saved in:  
Bibliographic Details
Main Author: Tyrrell, James 1642-1718 (Author)
Corporate Authors: Boston Public Library. MitwirkendeR (Contributor) ; John Adams Library (Boston Public Library). MitwirkendeR (Contributor)
Contributors: Adams, John 1735-1826 (Contributor)
Format: Electronic Book
Language:English
Check availability: HBZ Gateway
Interlibrary Loan:Interlibrary Loan for the Fachinformationsdienste (Specialized Information Services in Germany)
Published: London Printed, and are to be sold by by W. Rogers, in Fleetstreet .... MDCC [1700]
In:Year: 1700
Series/Journal:(Early English books, 1641-1700 ; 1134:1)
Further subjects:B Great Britain Parliament House of Commons
B Great Britain ; History
B Great Britain History To 1066
B General Works
B Church history, Great Britain
B Publishers' advertisements
Online Access: Volltext (kostenfrei)
Sammlungen:

MARC

LEADER 00000cam a22000002c 4500
001 1893342212
003 DE-627
005 20241224054904.0
007 cr uuu---uuuuu
008 240702s1700 xx |||||o 00| ||eng c
035 |a (DE-627)1893342212 
035 |a (DE-599)KXP1893342212 
035 |a (PRTC)generalhistoryof03tyrr 
040 |a DE-627  |b ger  |c DE-627  |e rda 
041 |a eng 
050 0 |a AC 4 
084 |a 1  |2 ssgn 
100 1 |a Tyrrell, James  |d 1642-1718  |e VerfasserIn  |4 aut 
245 1 4 |a The general history of England, both ecclesiastical and civil  |b from the earliest accounts of time, to the reign of his present Majesty King William III. Taken from the most antient records, manuscripts, and historians. With memorials of the most eminent persons in church and state. As also the foundations of the noted monasteries, and both universities  |c by James Tyrrell, Esq 
264 1 |a London  |b Printed, and are to be sold by by W. Rogers, in Fleetstreet ....  |c MDCC [1700] 
264 2 |a Ann Arbor, MI  |b University Microfilms International 
300 |a 1 Online-Ressource (3 v. in 5)  |b genealogical tables 
336 |a Text  |b txt  |2 rdacontent 
337 |a Computermedien  |b c  |2 rdamedia 
338 |a Online-Ressource  |b cr  |2 rdacarrier 
490 0 |a (Early English books, 1641-1700 ; 1134:1) 
500 |a Includes indexes and tables. - Continuous pagination through all 5 volumes. - Appendix in v. 3, part 2, with separate pagination. - Illustrated engraved frontispiece, v. 1. - With a final errata leaf, v. 1. - Errata on p. [369], v. 3, part 2. - V. 2-3 are each in 2 parts. - Title in double line border. - John Adams' Library wanting volumes 2, 3.1, and 4;BRL. - Closes with the reign of Richard II.; no more published. The last vol. includes (as appendix) a dissertation on representation in the House of Commons. - John Adams Library copy has bookplate: John Adams Library, in the Custody of the Boston Public Library;BRL. - John Adams Library copy inscribed, v. 3, part 2: "Sam Sherburn's book 1778.";BRL. - John Adams Library copy inscribed, v. 1: "Sam Sherburn's book.";BRL. - John Adams' signature on title page, v. 1 and v. 3, part 2: "John Adams.";BRL 
601 |a General 
601 |a Historie 
601 |a England 
601 |a Williams, A. N. 
601 |a Université 
610 1 0 |a Great Britain  |b Parliament  |b House of Commons 
650 4 |a Great Britain ; History 
650 4 |a Publishers' advertisements 
650 4 |a Publishers' advertisements 
651 0 |a Great Britain  |x History  |y To 1066 
655 0 |a General Works 
655 0 |a Church history, Great Britain 
700 1 |a Adams, John  |d 1735-1826  |e MitwirkendeR  |4 ctb 
710 2 |a Boston Public Library  |e MitwirkendeR  |4 ctb 
710 2 |a John Adams Library (Boston Public Library)  |e MitwirkendeR  |4 ctb 
856 4 0 |u https://commons.ptsem.edu/id/generalhistoryof03tyrr  |m X:PRTC  |x Digitalisierung  |z kostenfrei  |7 0 
935 |a PRTC  |a mteo 
951 |a BO 
ELC |a 1 
LOK |0 000 xxxxxcx a22 zn 4500 
LOK |0 001 4545260578 
LOK |0 003 DE-627 
LOK |0 004 1893342212 
LOK |0 005 20240702185106 
LOK |0 008 240702||||||||||||||||ger||||||| 
LOK |0 035   |a (DE-Tue135)generalhistoryof03tyrr 
LOK |0 040   |a DE-Tue135  |c DE-627  |d DE-Tue135 
LOK |0 092   |o n 
LOK |0 689   |a f  |a Book 
LOK |0 852   |a DE-Tue135 
LOK |0 852 1  |9 00 
LOK |0 866   |x SPQUE#Theological Commons Princeton 
LOK |0 935   |a PRTC 
LOK |0 939   |a 02-07-24  |b l01 
OAS |a 1 
ORI |a SA-MARC-ixtheoa001.raw